Central Library OPAC University of Rajshahi

Oxford handbook of acute medicine/ (Record no. 57642)

MARC details
000 -LEADER
fixed length control field 00742nam a2200229 4500
001 - CONTROL NUMBER
control field 57642
003 - CONTROL NUMBER IDENTIFIER
rucl marc code BD-RjUL
005 - DATE AND TIME OF LATEST TRANSACTION
control field 20211209080534.0
008 - FIXED-LENGTH DATA ELEMENTS--GENERAL INFORMATION
fixed length control field 161211s2010 nju||||| |||| 00| 0 eng d
020 ## - INTERNATIONAL STANDARD BOOK NUMBER
International Standard Book Number 9780199230921
035 ## - SYSTEM CONTROL NUMBER
System control number (BD-RjUL)57766
040 ## - CATALOGING SOURCE
Language of cataloging eng
Transcribing agency BD-RjUL
041 ## - LANGUAGE CODE
Language code of text/sound track or separate title eng
082 ## - DEWEY DECIMAL CLASSIFICATION NUMBER
Edition number 23
Classification number 616.025
Author mark and year RAO 2010
100 ## - MAIN ENTRY--PERSONAL NAME
Personal name Ramrakha,S. , Moore, Kevin P. ; Sam, Amir
9 (RLIN) 171165
245 01 - TITLE STATEMENT
Title Oxford handbook of acute medicine/
Statement of responsibility, etc. Punit S. Ramrakha, Kevin P. Moore, Amir Sam.
260 ## - PUBLICATION, DISTRIBUTION, ETC. (IMPRINT)
Place of publication, distribution, etc. Oxford ; New York :
Name of publisher, distributor, etc. Oxford University Press,
Date of publication, distribution, etc. 2010.
300 ## - PHYSICAL DESCRIPTION
Pagination xxxvii, 869 p., [4] p. of plates :
Illustrations ill. (some col.) ;
Size 19 cm.
500 ## - GENERAL NOTE
General note Includes index.
650 ## - SUBJECT ADDED ENTRY--TOPICAL TERM
Topical term or geographic name as entry element Medical emergencies
9 (RLIN) 171166
942 ## - ADDED ENTRY ELEMENTS (KOHA)
Source of classification or shelving scheme Dewey Decimal Classification
Koha item type Books
Holdings
Lost status Source of classification or shelving scheme Damaged status Not for loan Permanent Location Current Location Shelving location Date acquired Cost, normal purchase price Total Checkouts Full call number Date last seen Copy number Koha item type
  Dewey Decimal Classification   Not For Loan Institute of Biological Sciences (IBSc) Library Institute of Biological Sciences (IBSc) Library Institute Library 01/12/2016 800.00   616.025 RAO 2010 11/12/2016 C-1 Books